000 00516nam a2200217Ia 4500
003 OSt
005 20220928143034.0
006 a|||||r|||| 00| 0
007 ta
008 220927b |||||||| |||| 00| 0 eng d
024 _a20582
037 _cTextual
040 _aSDCL
_cSDCL
_beng
041 _2eng
_aeng
082 _aP152:4, L9
100 _aTiwari Bhola Nath
245 0 _aKosh vigyan.
260 _c1979
942 _hP152:4, L9
_cTEXL
_2CC
999 _c822694
_d822694